| 000 | 00795nam a2200241 u 4500 | ||
|---|---|---|---|
| 005 | 20241129063739.0 | ||
| 008 | 150123s2011 es r 000 0 spa d | ||
| 020 | _a9786071604590 | ||
| 035 | _aUPN01000201409 | ||
| 049 | _aI | ||
| 050 | 4 |
_aPZ76.3 _bK3.8 |
|
| 100 | 1 |
_aKasparavicius, Kestutis, _d1954- _933365 |
|
| 245 | 1 | 0 |
_aZanaforius el grande / _cKestutis Kasparavicius ; tr. de Margarita Santos Cuesta. |
| 260 |
_aMéxico : _bFCE, _cc2011. |
||
| 300 |
_a[59] p. : _bil. col. |
||
| 440 | 4 | _aLos especiales de a la orilla del viento | |
| 534 |
_pTitulo original: _tKiskis Morkus Didysis |
||
| 650 | 4 |
_aLibros y lectura para niños _92290 |
|
| 650 | 4 |
_aConejos _vCuentos y leyendas _922085 |
|
| 650 | 4 |
_aAlimentos _vLiteratura infantil _921621 |
|
| 905 | _aInfantil | ||
| 999 |
_c173510 _d173510 |
||